Lataa...

Water resources of India and their utilization in agriculture

Bibliografiset tiedot
Päätekijä: Dakshinamurti, C.
Muut tekijät: Michael, A.M, Shri Mohan
Aineistotyyppi: Printed Book
Kieli:Undetermined
English
Julkaistu: NewDelhi Indian agricultural research institute 1973
Aiheet:
LEADER 00713nam a2200205Ia 4500
008 140306s9999 xx 000 0 und d
041 |a eng 
082 |a 333.91  |b DAK 
100 |a Dakshinamurti, C. 
245 |a Water resources of India and their utilization in agriculture 
260 |a NewDelhi  |b Indian agricultural research institute  |c 1973 
300 |a 400 
650 |a ground water sources 
650 |a surface water sources 
650 |a Water resource utilization - India 
700 |a Michael, A.M. 
700 |a Shri Mohan 
942 |2 ddc  |c BK 
999 |c 50888  |d 50888 
952 |0 0  |1 0  |2 ddc  |4 0  |6 333_910000000000000_DAK  |7 0  |9 67209  |a KAUACV  |b KAUACV  |d 2004-05-03  |o 333.91 DAK  |p KAU_ACV-13447  |r 2014-03-22  |w 2014-03-22  |y BK